[Event "Tournoi Skype 019A"]
[Site "Skype"]
[Date "????.??.??"]
[Round "4.8"]
[White "Rico Hernandez, Edgar"]
[Black "Casey, Eamonn"]
[Result "1-0"]
[WhiteElo "1889"]
[BlackElo "1703"]
[PlyCount "57"]

1. d4 Nf6 2. c4 g6 3. Nc3 Bg7 4. e4 d6 5. Nf3 O-O 6. Be2 Nbd7 7. O-O c5 8. d5
Ng4 9. Nd2 Ndf6 10. h3 Ne5 11. f4 Ned7 12. Nf3 Nb6 13. e5 dxe5 14. fxe5 Nfd7
15. Bf4 Re8 16. Qe1 Nf8 17. Qf2 Nbd7 18. Rae1 b6 19. Bd3 e6 20. d6 Bb7 21. Nb5
Nxe5 22. Nxe5 Nd7 23. Nc7 Nxe5 24. Bxe5 Bxe5 25. Qxf7+ Kh8 26. Rxe5 Qxd6 27.
Nxe8 Qd4+ 28. Rf2 Qxe5 29. Qf8# 1-0

[Event "Tournoi Skype 019A"]
[Site "Skype"]
[Date "????.??.??"]
[Round "4.10"]
[White "Engstrom, Olle"]
[Black "Cossalter, Maurizio"]
[Result "1-0"]
[WhiteElo "1759"]
[BlackElo "1455"]
[PlyCount "79"]

1. e4 e5 2. Nf3 Nc6 3. Bb5 Nf6 4. O-O d6 5. d3 Be7 6. Nbd2 O-O 7. Re1 Bd7 8. c3
a6 9. Ba4 Re8 10. Nf1 Bf8 11. Ng3 Qc8 12. d4 exd4 13. cxd4 h6 14. Nh4 Ne7 15.
Bc2 c6 16. Qd3 g6 17. e5 dxe5 18. dxe5 Nh7 19. f4 Nf5 20. Nhxf5 Bxf5 21. Nxf5
Qxf5 22. Qxf5 gxf5 23. Bxf5 Rad8 24. Be3 Kg7 25. Rad1 c5 26. Rxd8 Rxd8 27. Bc2
b6 28. Rd1 Rxd1+ 29. Bxd1 Be7 30. b4 Kg6 31. f5+ Kg7 32. f6+ Bxf6 33. exf6+
Nxf6 34. bxc5 bxc5 35. Bxc5 Nd5 36. Bb3 Nc7 37. Bb6 Na8 38. Bd8 Kf8 39. Bd5 Ke8
40. Ba5 1-0

[Event "Tournoi Skype 019A"]
[Site "Skype"]
[Date "????.??.??"]
[Round "4.11"]
[White "Meaney, Mike"]
[Black "Ricieri, Vinicius"]
[Result "0-1"]
[WhiteElo "1430"]
[BlackElo "1738"]
[PlyCount "50"]

1. e4 c6 2. Bc4 d5 3. exd5 cxd5 4. Bb5+ Nc6 5. d4 Nf6 6. Nc3 Bf5 7. Bd2 e6 8.
Bg5 Bd6 9. h3 O-O 10. Nf3 Rc8 11. Bd3 Bxd3 12. Qxd3 h6 13. Be3 Qb6 14. Rb1 Nb4
15. Qd2 Rxc3 16. bxc3 Ne4 17. Rxb4 Bxb4 18. Qc1 Bxc3+ 19. Nd2 Bxd2+ 20. Bxd2
Qxd4 21. O-O Qxd2 22. Qb1 b6 23. Qb3 Nc3 24. a4 Ne2+ 25. Kh2 Rc8 0-1

[Event "Tournoi Skype 019A"]
[Site "Skype"]
[Date "????.??.??"]
[Round "4.12"]
[White "Jaimes, Fredy"]
[Black "Alvarez, Rafael Andres"]
[Result "1-0"]
[WhiteElo "1865"]
[BlackElo "1618"]
[PlyCount "47"]

1. e4 d5 2. Nf3 Bg4 3. h3 Bxf3 4. Qxf3 dxe4 5. Qxe4 c6 6. Nc3 Nf6 7. Qh4 Nbd7
8. d4 e6 9. Bf4 Qb6 10. O-O-O h6 11. Be2 Be7 12. Qg3 g5 13. Bd6 Qd8 14. Bc7 Qc8
15. Bd6 a5 16. Bxe7 Kxe7 17. Rhe1 b5 18. d5 b4 19. dxe6 fxe6 20. Qd6+ Kf7 21.
Ne4 Nxe4 22. Bh5+ Kf6 23. Rxe4 Nf8 24. Qd4+ 1-0

[Event "Tournoi Skype 019A"]
[Site "Skype"]
[Date "????.??.??"]
[Round "4.13"]
[White "Legueltel, Daniel"]
[Black "Gharbi, Said"]
[Result "0-1"]
[WhiteElo "1842"]
[BlackElo "1597"]
[PlyCount "62"]

1. d4 e5 2. dxe5 Nc6 3. f4 Bc5 4. Nf3 Nge7 5. e4 O-O 6. Bc4 Ng6 7. Qe2 Nd4 8.
Nxd4 Bxd4 9. c3 Bb6 10. Be3 c6 11. Nd2 d5 12. exd6 Qxd6 13. e5 Qc7 14. O-O-O
Bf5 15. h3 Ne7 16. g4 Be6 17. Bxe6 fxe6 18. Nc4 Nd5 19. Rhf1 Bxe3+ 20. Nxe3
Nxf4 21. Qc4 Qxe5 22. Nc2 Ne2+ 23. Kb1 Rxf1 24. Rxf1 Ng3 25. Re1 Qd5 26. Qf4
Ne2 27. Qe3 Nxc3+ 28. Qxc3 Rd8 29. Ne3 Qe4+ 30. Kc1 Rd3 31. Nc2 Qf4+ 0-1

[Event "Tournoi Skype 019A"]
[Site "Skype"]
[Date "????.??.??"]
[Round "4.14"]
[White "Saponara, Jose Maria"]
[Black "Thoune, Jim"]
[Result "1/2-1/2"]
[WhiteElo "1583"]
[BlackElo "1733"]
[PlyCount "85"]

1. e4 e6 2. d4 d5 3. exd5 exd5 4. Nf3 Nf6 5. Be2 Bd6 6. O-O O-O 7. Nbd2 c6 8.
c3 Qc7 9. h3 Bf5 10. Nh4 Bg6 11. Nxg6 fxg6 12. Nf3 Nbd7 13. Ng5 Rae8 14. Bd3
Bh2+ 15. Kh1 Ne4 16. Be3 Nxg5 17. Bxg5 Bf4 18. Qg4 Bxg5 19. Qxg5 Nf6 20. Kg1
Ne4 21. Bxe4 Rxe4 22. Qd2 Ref4 23. Rae1 Qf7 24. Re5 Re4 25. Re1 Rxe1+ 26. Qxe1
Qf6 27. Re7 Rf7 28. Re8+ Rf8 29. Qe6+ Qxe6 30. Rxe6 Kf7 31. Re5 Re8 32. f4 Re7
33. Kf2 h6 34. h4 Re6 35. Kf3 Rf6 36. b4 b5 37. g4 Re6 38. f5 gxf5 39. Rxf5+
Rf6 40. Kf4 Rxf5+ 41. Kxf5 g6+ 42. Ke5 Ke7 43. h5 1/2-1/2

[Event "Tournoi Skype 019A"]
[Site "Skype"]
[Date "????.??.??"]
[Round "4.15"]
[White "Farthouat, Titoine"]
[Black "Segura Lozano, Marcos Antonio"]
[Result "1/2-1/2"]
[WhiteElo "1569"]
[BlackElo "1788"]
[PlyCount "50"]

1. e4 d5 2. exd5 Nf6 3. c4 c6 4. Nc3 cxd5 5. cxd5 Nxd5 6. Nxd5 Qxd5 7. Nf3 e5
8. d4 e4 9. Qe2 Bb4+ 10. Bd2 Bxd2+ 11. Nxd2 Qxd4 12. Qxe4+ Qxe4+ 13. Nxe4 O-O
14. Rc1 Re8 15. Be2 Nc6 16. Nc3 Nd4 17. f3 b6 18. Ne4 Nxe2 19. Kxe2 f5 20. Rhe1
fxe4 21. Kf2 Rf8 22. Rxe4 Ba6 23. Rc7 Rac8 24. Rxa7 Rc2+ 25. Kg3 Bf1 1/2-1/2

[Event "Tournoi Skype 019A"]
[Site "Skype"]
[Date "????.??.??"]
[Round "4.16"]
[White "Sauvaget, Joel"]
[Black "Aceituno, Stebe"]
[Result "1-0"]
[WhiteElo "1658"]
[BlackElo "1586"]
[PlyCount "167"]

1. d4 Nf6 2. Nf3 g6 3. e3 Bg7 4. Bc4 d5 5. Bd3 Nc6 6. c3 O-O 7. O-O Bg4 8. Nbd2
e5 9. dxe5 Nxe5 10. Be2 Nxf3+ 11. Nxf3 Ne4 12. Nd4 Bxe2 13. Qxe2 Re8 14. Bd2 c6
15. Rad1 Nxd2 16. Rxd2 Re4 17. Qd1 Qg5 18. Nf3 Qg4 19. h3 Qf5 20. Nd4 Bxd4 21.
Rxd4 Rae8 22. Qd2 Rxd4 23. cxd4 Re4 24. Qb4 Qg5 25. Qxb7 Rh4 26. Kh2 Qd8 27.
Qxc6 Re4 28. b4 Re6 29. Qa4 Qc7+ 30. Kg1 h5 31. Qa3 h4 32. Rc1 Rc6 33. Rc5 Qb7
34. Qc1 Rd6 35. a3 g5 36. Rc7 Qb6 37. Qc5 Qxc5 38. bxc5 Ra6 39. Rd7 Rxa3 40.
Rxd5 a5 41. c6 Rc3 42. Rxa5 Rxc6 43. Kf1 f6 44. Ke2 Kf7 45. Kf3 Rc2 46. Rc5 Rd2
47. Rf5 Ke6 48. Rb5 Kf7 49. Rb1 Ke6 50. Rb6+ Ke7 51. Rb1 Ke6 52. Re1 Kd5 53.
Re2 Rd3 54. Rb2 Kd6 55. Ke2 Rc3 56. Kd2 Rc6 57. Rc2 Ra6 58. Kd3 Ke6 59. Ke4 f5+
60. Kf3 Kd5 61. Rc5+ Ke6 62. g3 hxg3 63. Kxg3 Kf6 64. f4 gxf4+ 65. Kxf4 Re6 66.
Rxf5+ Kg6 67. Re5 Rf6+ 68. Kg3 Rd6 69. h4 Rf6 70. h5+ Kh6 71. Kg4 Rd6 72. d5
Kg7 73. Rg5+ Kh7 74. e4 Kh6 75. Rg6+ Rxg6+ 76. hxg6 Kxg6 77. Kf4 Kf6 78. e5+
Ke7 79. Kf5 Kf7 80. d6 Ke8 81. Kf6 Kf8 82. e6 Ke8 83. d7+ Kd8 84. Kf7 1-0

[Event "Tournoi Skype 019A"]
[Site "Skype"]
[Date "????.??.??"]
[Round "4.17"]
[White "Sepulveda, Lyda Marcela"]
[Black "Le Brun, Yves"]
[Result "1-0"]
[WhiteElo "1612"]
[BlackElo "1532"]
[PlyCount "73"]

1. e4 e5 2. Nf3 Nc6 3. Bc4 h6 4. c3 Nf6 5. d3 Bc5 6. d4 exd4 7. cxd4 Bb4+ 8.
Bd2 Nxe4 9. Bxb4 Nxb4 10. Bxf7+ Kxf7 11. Qb3+ d5 12. Qxb4 Re8 13. Ne5+ Kg8 14.
O-O a5 15. Qb3 Ra6 16. Re1 Ree6 17. Nc3 Nxc3 18. Qxc3 b5 19. Re3 Qd6 20. Rae1
b4 21. Qd3 Rf6 22. Nf3 Bf5 23. Re8+ Kh7 24. Qe3 Re6 25. Rxe6 Bxe6 26. Qd3+ Kg8
27. Ne5 Ra8 28. f4 Rf8 29. g3 Bf5 30. Qb5 Ra8 31. h4 Kf8 32. g4 Be4 33. h5 Ke7
34. Kf2 Ke6 35. Kg3 Ra6 36. Qe8+ Qe7 37. Qc8+ 1-0

[Event "Tournoi Skype 019A"]
[Site "Skype"]
[Date "????.??.??"]
[Round "4.18"]
[White "Yeter, Orhan"]
[Black "Mitrani, Alberto"]
[Result "1-0"]
[WhiteElo "1612"]
[BlackElo "1522"]
[PlyCount "41"]

1. e4 d6 2. d4 Nf6 3. Nc3 g6 4. Be3 Bg7 5. Qd2 O-O 6. Be2 Nc6 7. O-O-O e5 8. d5
Ne7 9. h4 Ng4 10. Bxg4 Bxg4 11. f3 Bd7 12. h5 f5 13. Bh6 f4 14. hxg6 Nxg6 15.
Bxg7 Kxg7 16. Nge2 a6 17. g3 b5 18. gxf4 b4 19. f5 bxc3 20. Qh6+ Kf7 21. Qxh7+
1-0

[Event "Tournoi Skype 019A"]
[Site "Skype"]
[Date "????.??.??"]
[Round "4.19"]
[White "Prasad Singh, Ambika"]
[Black "Hague, Mark"]
[Result "1-0"]
[WhiteElo "1608"]
[BlackElo "1453"]
[PlyCount "141"]

1. e4 c5 2. Nf3 g6 3. d4 cxd4 4. Qxd4 Nf6 5. e5 Nc6 6. Qd1 Nxe5 7. Nxe5 Qa5+ 8.
Nc3 Qxe5+ 9. Be2 Bg7 10. O-O d6 11. h3 O-O 12. Re1 Qa5 13. Bc4 Qc7 14. Bb3 Bf5
15. Nb5 Qd7 16. Nd4 Bxh3 17. gxh3 Qxh3 18. Qf3 Qxf3 19. Nxf3 e6 20. c3 Rfc8 21.
Be3 a6 22. a4 d5 23. a5 Ne4 24. Nd2 Nxd2 25. Bxd2 Rc5 26. Be3 Rb5 27. Ra3 Rd8
28. Bb6 Rd6 29. Re2 d4 30. cxd4 Bxd4 31. Bxd4 Rxd4 32. Rc2 Rd1+ 33. Kg2 Rg5+
34. Kf3 Rd3+ 35. Ke2 Rd4 36. Rc8+ Kg7 37. Rc7 Re5+ 38. Kf1 Rd2 39. Rc2 Rd1+ 40.
Kg2 Rb1 41. Bc4 Ree1 42. b3 h5 43. Raa2 g5 44. Rd2 h4 45. Rd7 g4 46. f3 h3+ 47.
Kg3 Rg1+ 48. Kf4 Rg2 49. Bxe6 Rxa2 50. Rxb7 Kf6 51. Bd5 Rg1 52. fxg4 Rf1+ 53.
Kg3 Kg5 54. Kxh3 Raf2 55. Bg2 Kf4 56. Rb4+ Kg5 57. Bxf1 Rxf1 58. Kg3 Rg1+ 59.
Kf3 Rf1+ 60. Ke2 Ra1 61. Ra4 Rxa4 62. bxa4 Kxg4 63. Ke3 Kf5 64. Kd4 Kf4 65. Kc5
Ke4 66. Kb6 f5 67. Kxa6 f4 68. Kb7 f3 69. a6 f2 70. a7 f1=Q 71. a8=Q 1-0

[Event "Tournoi Skype 019A"]
[Site "Skype"]
[Date "????.??.??"]
[Round "4.20"]
[White "Galani, Mahendra"]
[Black "Aranzubia, Desiderio"]
[Result "1-0"]
[WhiteElo "1487"]
[BlackElo "1591"]
[PlyCount "47"]

1. e4 e5 2. Bc4 Nf6 3. d3 h6 4. Nf3 Nc6 5. c3 Bc5 6. h3 d6 7. Nbd2 a6 8. Nb3
Ba7 9. Qc2 b5 10. Bd5 Nxd5 11. exd5 Ne7 12. Bd2 Nxd5 13. Na5 Bb6 14. c4 Nf4 15.
O-O Ne2+ 16. Kh1 Nd4 17. Nxd4 Bxd4 18. cxb5 axb5 19. Nc6 Qh4 20. Nxd4 Qxd4 21.
Qc6+ Kd8 22. Qxa8 Qxb2 23. Ba5 g6 24. Qc6 1-0

[Event "Tournoi Skype 019A"]
[Site "Skype"]
[Date "????.??.??"]
[Round "4.21"]
[White "Sierra, Henry Alberto"]
[Black "Acikgoz, Tuncay"]
[Result "1-0"]
[WhiteElo "1595"]
[BlackElo "1617"]
[PlyCount "51"]

1. d4 f5 2. c4 Nf6 3. Nc3 e6 4. Bg5 Bb4 5. Rc1 h6 6. Bh4 g5 7. Nf3 gxh4 8. Nxh4
Ne4 9. Ng6 Rg8 10. Nf4 c5 11. e3 Qa5 12. Qh5+ Kd8 13. Qf7 Re8 14. f3 Nxc3 15.
bxc3 Bxc3+ 16. Kf2 Qxa2+ 17. Be2 cxd4 18. Qf6+ Kc7 19. exd4 Nc6 20. Rxc3 Qd2
21. d5 e5 22. d6+ Kb8 23. Nd5 e4 24. Rd1 Qg5 25. Qxg5 hxg5 26. fxe4 1-0

[Event "Tournoi Skype 019A"]
[Site "Skype"]
[Date "????.??.??"]
[Round "4.22"]
[White "Rugman, Dan"]
[Black "Bendre, Pankaj"]
[Result "1-0"]
[WhiteElo "1561"]
[BlackElo "1543"]
[PlyCount "39"]

1. e4 c5 2. Nf3 d6 3. d4 cxd4 4. Nxd4 Nf6 5. Nc3 g6 6. Be3 Ng4 7. Bb5+ Bd7 8.
Qxg4 Bg7 9. Bxd7+ Nxd7 10. O-O-O Ne5 11. Qe2 O-O 12. f4 Nd7 13. h4 Nf6 14. f5
Nh5 15. Qf3 Qd7 16. g4 Nf6 17. h5 e5 18. Nde2 a6 19. Nd5 Qc6 20. Ne7+ 1-0

[Event "Tournoi Skype 019A"]
[Site "Skype"]
[Date "????.??.??"]
[Round "4.23"]
[White "L'Herbon De Lussats, Jean"]
[Black "Carballo, Jorge"]
[Result "0-1"]
[WhiteElo "1515"]
[BlackElo "1599"]
[PlyCount "92"]

1. d4 Nf6 2. c4 d5 3. Nc3 e6 4. e3 c5 5. Nf3 Nc6 6. Bd3 Be7 7. O-O O-O 8. Qc2
dxc4 9. Bxc4 cxd4 10. Rd1 Nd5 11. Nxd4 Nxd4 12. Rxd4 Bf6 13. Rd1 Bxc3 14. bxc3
Qa5 15. Bb2 Bd7 16. e4 Nb6 17. Bb3 Rad8 18. a4 Bc6 19. c4 Nd7 20. f3 Nc5 21.
Bc3 Qb6 22. a5 Qxb3 23. Qc1 Rxd1+ 24. Qxd1 Qxc3 25. Rc1 Qe3+ 26. Kh1 Nd3 27.
Rc2 Nf2+ 28. Rxf2 Qxf2 29. h3 Qh4 30. Qd4 Rd8 31. Qe3 Rd1+ 32. Kh2 Qe1 33. Qxa7
Qh1+ 34. Kg3 Qe1+ 35. Kh2 Qd2 36. Qb8+ Qd8 37. Qe5 Qd6 38. f4 Qxe5 39. fxe5 Rc1
40. Kg3 Rxc4 41. Kf4 Rc5 42. g4 Rxa5 43. h4 Ra4 44. Kg5 h6+ 45. Kh5 Bxe4 46. g5
Bf3# 0-1

[Event "Tournoi Skype 019A"]
[Site "Skype"]
[Date "????.??.??"]
[Round "4.24"]
[White "Alvarez, Juan Evangelista"]
[Black "Couto, Januario"]
[Result "1-0"]
[WhiteElo "1400"]
[BlackElo "1591"]
[PlyCount "27"]

1. Nf3 Nf6 2. d4 d5 3. Nc3 e6 4. Qd3 c5 5. dxc5 Bxc5 6. Bg5 Nbd7 7. e4 dxe4 8.
Nxe4 Be7 9. O-O-O Nxe4 10. Bxe7 Qxe7 11. Qxe4 Nf6 12. Bb5+ Nd7 13. Ne5 Rb8 14.
Nxd7 1-0

[Event "Tournoi Skype 019A"]
[Site "Skype"]
[Date "????.??.??"]
[Round "5.1"]
[White "Martine, Jean-Christophe"]
[Black "Dal, Ibrahim"]
[Result "1-0"]
[WhiteElo "2056"]
[BlackElo "1840"]
[PlyCount "39"]

1. d4 c6 2. Nf3 d5 3. e3 Nf6 4. Nbd2 e6 5. Bd3 Be7 6. O-O O-O 7. Qe2 Nbd7 8. e4
dxe4 9. Nxe4 Nxe4 10. Qxe4 Nf6 11. Qh4 Re8 12. c3 g6 13. Rd1 Nd5 14. Qg3 Bd6
15. Ne5 Ne7 16. Bg5 Qc7 17. Re1 Nf5 18. Qh3 h5 19. g4 hxg4 20. Nxg4 1-0

[Event "Tournoi Skype 019A"]
[Site "Skype"]
[Date "????.??.??"]
[Round "5.2"]
[White "Rico Hernandez, Edgar"]
[Black "Hervais, Adrien"]
[Result "0-1"]
[WhiteElo "1889"]
[BlackElo "2124"]
[PlyCount "92"]

1. d4 d5 2. c4 c6 3. Nf3 dxc4 4. e3 Be6 5. Nc3 Nf6 6. Ng5 Bg4 7. f3 Bh5 8. Bxc4
b5 9. Bd3 e6 10. O-O Be7 11. Qc2 Bg6 12. Rd1 Nd5 13. Nxd5 Qxd5 14. Ne4 Nd7 15.
Bd2 O-O 16. Nc3 Qd6 17. Bxg6 fxg6 18. Rac1 Rac8 19. Ne4 Qd5 20. b4 Bd8 21. Be1
Nb6 22. Nc5 Bc7 23. Bg3 Bxg3 24. hxg3 Nc4 25. Kf2 Ra8 26. Na6 Rf7 27. Qe2 Qd8
28. Nc5 Qd6 29. Rh1 a5 30. bxa5 Rxa5 31. a4 Rfa7 32. axb5 cxb5 33. Rc2 Ra3 34.
Nd3 R7a5 35. Rb1 Qa6 36. Nc5 Qa8 37. Nb3 R5a4 38. Qd3 Rb4 39. Rc3 Qa4 40. Qe4
Ra2+ 41. Kg1 Qa6 42. Kh2 Qd6 43. Qb7 h6 44. Nd2 Rxd2 45. Rxb4 Qxb4 46. Qc8+ Kh7
0-1

[Event "Tournoi Skype 019A"]
[Site "Skype"]
[Date "????.??.??"]
[Round "5.3"]
[White "Karia, Vijay"]
[Black "Ibarra Cantu, Raul Alberto"]
[Result "1-0"]
[WhiteElo "1671"]
[BlackElo "2097"]
[PlyCount "109"]

1. e4 c5 2. Nc3 d6 3. f4 Nc6 4. Nf3 g6 5. Bb5 Bd7 6. Bxc6 Bxc6 7. d3 Bg7 8. O-O
Nf6 9. Qe1 O-O 10. Qh4 Qc8 11. h3 b5 12. f5 b4 13. Ne2 c4 14. Bh6 cxd3 15. cxd3
Bb5 16. Rac1 Qd7 17. Bxg7 Kxg7 18. Nf4 Rac8 19. Ng5 Rxc1 20. Rxc1 Rc8 21. Rxc8
Qxc8 22. d4 Qc1+ 23. Kh2 Qe3 24. fxg6 hxg6 25. a3 b3 26. Qg3 Qxg3+ 27. Kxg3 e5
28. dxe5 dxe5 29. Nd5 Nxd5 30. exd5 Bc4 31. d6 Kf8 32. Ne4 f5 33. Nc5 Bd5 34.
Nd7+ Kf7 35. Nxe5+ Ke6 36. d7 Ke7 37. h4 Be6 38. Nxg6+ Kxd7 39. Nf8+ Ke7 40.
Nxe6 Kxe6 41. Kf4 Kf6 42. h5 a5 43. a4 Ke6 44. Kg5 Ke5 45. h6 Kd4 46. h7 Kd3
47. h8=Q f4 48. Kxf4 Kc2 49. Qc3+ Kb1 50. Qxb3 Ka1 51. g4 Kb1 52. g5 Ka1 53. g6
Kb1 54. g7 Kc1 55. Ke3 1-0

[Event "Tournoi Skype 019A"]
[Site "Skype"]
[Date "????.??.??"]
[Round "5.4"]
[White "Ricieri, Vinicius"]
[Black "Benson, Paul"]
[Result "0-1"]
[WhiteElo "1738"]
[BlackElo "2040"]
[PlyCount "72"]

1. e4 c5 2. Nf3 d6 3. d4 cxd4 4. Nxd4 Nf6 5. Nc3 a6 6. f3 e5 7. Nb3 Be6 8. Be3
Be7 9. Qd2 O-O 10. O-O-O Nbd7 11. g4 b5 12. h4 b4 13. Ne2 a5 14. Ng3 a4 15. Na1
Qc7 16. g5 Ne8 17. Qxb4 Bxa2 18. Bh3 Be6 19. Nf5 Nc5 20. Nxe7+ Qxe7 21. Bxc5
dxc5 22. Qc3 Bxh3 23. Rxh3 Nc7 24. Qe3 Ne6 25. Rg3 Nf4 26. c3 c4 27. Nc2 Nd3+
28. Kb1 Rfb8 29. Rxd3 cxd3 30. Qxd3 a3 31. b4 Rd8 32. Qe2 Qe6 33. c4 a2+ 34.
Ka1 Qd7 35. Rg1 Qa4 36. b5 Qb3 0-1

[Event "Tournoi Skype 019A"]
[Site "Skype"]
[Date "????.??.??"]
[Round "5.6"]
[White "Loayza, Juan Antonio"]
[Black "Joshi, Aryan"]
[Result "0-1"]
[WhiteElo "1918"]
[BlackElo "1697"]
[PlyCount "68"]

1. e4 b6 2. d4 Bb7 3. Bd3 e6 4. Nf3 Nf6 5. Bg5 Be7 6. Nbd2 c5 7. c3 O-O 8. O-O
Qc7 9. e5 Nd5 10. Bxe7 Nxe7 11. Ne4 Ba6 12. Nd6 Bxd3 13. Qxd3 h6 14. Nd2 a6 15.
f4 f5 16. Rf3 b5 17. Rg3 Kh7 18. Qf3 Ra7 19. Nb3 cxd4 20. Nxd4 Nbc6 21. Rd1 Qb6
22. Qh5 g6 23. Qh4 Ng8 24. Rdd3 b4 25. Rxg6 Kxg6 26. Rg3+ Kh7 27. Qh5 Nce7 28.
Nf7 bxc3 29. Ng5+ Kh8 30. Nf7+ Kh7 31. Ng5+ Kh8 32. Nf7+ Rxf7 33. Qxf7 Qxd4+
34. Kf1 Qxf4+ 0-1

[Event "Tournoi Skype 019A"]
[Site "Skype"]
[Date "????.??.??"]
[Round "5.7"]
[White "Gharbi, Said"]
[Black "Engstrom, Olle"]
[Result "0-1"]
[WhiteElo "1597"]
[BlackElo "1759"]
[PlyCount "40"]

1. e4 c5 2. c3 d5 3. e5 e6 4. d4 Nc6 5. Bb5 Bd7 6. Nf3 Nxe5 7. Nxe5 Bxb5 8. Qf3
Qf6 9. Qxf6 Nxf6 10. Bg5 cxd4 11. cxd4 Bb4+ 12. Nc3 Ne4 13. O-O-O Rc8 14. Bd2
Bxc3 15. bxc3 f6 16. Ng4 h5 17. f3 Nxd2 18. Kxd2 hxg4 19. fxg4 Rc4 20. Kc2 Ba4+
0-1

[Event "Tournoi Skype 019A"]
[Site "Skype"]
[Date "????.??.??"]
[Round "5.9"]
[White "Jacquelin, Norbert"]
[Black "Sepulveda, Lyda Marcela"]
[Result "1-0"]
[WhiteElo "1839"]
[BlackElo "1612"]
[PlyCount "21"]

1. c4 e6 2. Nf3 Nf6 3. g3 d5 4. b3 c6 5. Bg2 Nbd7 6. Bb2 Bd6 7. O-O O-O 8. d4
Re8 9. c5 Bc7 10. Ne5 b6 11. Nxc6 1-0

[Event "Tournoi Skype 019A"]
[Site "Skype"]
[Date "????.??.??"]
[Round "5.10"]
[White "Thoune, Jim"]
[Black "Prasad Singh, Ambika"]
[Result "0-1"]
[WhiteElo "1733"]
[BlackElo "1608"]
[PlyCount "104"]

1. d4 d5 2. Nf3 Nf6 3. e3 Bf5 4. Bd3 e6 5. c3 c5 6. Bxf5 exf5 7. Qb3 Qc7 8.
Nbd2 Nc6 9. O-O Bd6 10. h3 O-O 11. Qc2 Ne4 12. dxc5 Bxc5 13. Nb3 Bd6 14. Nbd4
Nxd4 15. exd4 Rfe8 16. Be3 Rac8 17. Rad1 a6 18. Rfe1 h6 19. Bc1 Re7 20. Re2
Rce8 21. a3 Re6 22. Rde1 R6e7 23. Bd2 Kh7 24. g4 fxg4 25. hxg4 Kg8 26. Kg2 Nxd2
27. Rxe7 Rxe7 28. Rxe7 Qxe7 29. Qxd2 Qe6 30. Kh3 h5 31. Qg5 hxg4+ 32. Qxg4
Qxg4+ 33. Kxg4 f6 34. Nh4 Kf7 35. Nf5 Bf8 36. Ne3 Ke6 37. Kf3 g6 38. Ke2 Bh6
39. Kd3 f5 40. c4 Bxe3 41. cxd5+ Kxd5 42. Kxe3 g5 43. b3 f4+ 44. Kd3 g4 45. a4
g3 46. fxg3 fxg3 47. Ke3 g2 48. Kf2 Kxd4 49. b4 Kc4 50. b5 a5 51. Kxg2 Kb4 52.
Kf2 Kxa4 0-1

[Event "Tournoi Skype 019A"]
[Site "Skype"]
[Date "????.??.??"]
[Round "5.11"]
[White "Mulrooney, Justin"]
[Black "Saponara, Jose Maria"]
[Result "1-0"]
[WhiteElo "1729"]
[BlackElo "1583"]
[PlyCount "95"]

1. d4 Nf6 2. c4 c5 3. d5 d6 4. Nc3 g6 5. Nf3 Bg7 6. e4 O-O 7. Bd3 Nbd7 8. O-O
Ne8 9. Bd2 Ne5 10. Nxe5 dxe5 11. Qc2 f5 12. exf5 Bxf5 13. Ne4 Nd6 14. Nxc5 Qc8
15. Bxf5 Rxf5 16. Ne6 Qxc4 17. Qxc4 Nxc4 18. Bc3 a5 19. Rad1 b5 20. b3 Nd6 21.
f4 b4 22. Ba1 Nc8 23. fxe5 Nb6 24. Rxf5 gxf5 25. Nxg7 Kxg7 26. d6 e6 27. Rc1
Nd5 28. Kf2 a4 29. Bd4 axb3 30. axb3 Ra2+ 31. Kf1 Rd2 32. Bf2 Rd3 33. Ke1 Kf7
34. Bh4 Nc3 35. Bg3 Ke8 36. Ra1 Nb5 37. Rd1 Rxd1+ 38. Kxd1 Kd7 39. Kd2 Nc3 40.
Kd3 Nd5 41. Kc4 Ne3+ 42. Kxb4 Nxg2 43. Kc5 h5 44. h4 f4 45. Bf2 f3 46. b4 Nf4
47. Kd4 Nd5 48. Kc5 1-0

[Event "Tournoi Skype 019A"]
[Site "Skype"]
[Date "????.??.??"]
[Round "5.12"]
[White "Cossalter, Maurizio"]
[Black "Murgia, Stefano"]
[Result "1/2-1/2"]
[WhiteElo "1455"]
[BlackElo "1705"]
[PlyCount "56"]

1. e4 e5 2. f4 d5 3. exd5 c6 4. dxc6 Nxc6 5. Bb5 Bc5 6. Nf3 Bg4 7. Qe2 Nge7 8.
d3 O-O 9. c3 exf4 10. d4 Bxd4 11. cxd4 Nxd4 12. Qf2 Nxb5 13. O-O Ng6 14. Nc3
Nxc3 15. bxc3 Qc7 16. Nh4 Qxc3 17. Nxg6 fxg6 18. Bxf4 g5 19. Qg3 Qxg3 20. Bxg3
Rxf1+ 21. Rxf1 Rd8 22. Bf2 a6 23. Rc1 Rd1+ 24. Rxd1 Bxd1 25. Bb6 Kf7 26. Kf2
Ke6 27. Ke3 g6 28. a3 h5 1/2-1/2

[Event "Tournoi Skype 019A"]
[Site "Skype"]
[Date "????.??.??"]
[Round "5.13"]
[White "Casey, Eamonn"]
[Black "Meaney, Mike"]
[Result "1-0"]
[WhiteElo "1703"]
[BlackElo "1430"]
[PlyCount "63"]

1. d4 Nf6 2. c4 e6 3. Nf3 c6 4. Bg5 Be7 5. Nc3 d5 6. e3 Bb4 7. cxd5 exd5 8. h3
h6 9. Bf4 Ne4 10. Rc1 Bf5 11. Qb3 Qe7 12. a3 Ba5 13. Be2 g5 14. Bh2 Bb6 15. O-O
g4 16. hxg4 Bxg4 17. Nxe4 Qxe4 18. Bd3 Qe6 19. Ne5 Bh5 20. Qc2 Rg8 21. Bf5 Qf6
22. Bf4 Qg7 23. g3 f6 24. Bh7 Rh8 25. Bg6+ Bxg6 26. Nxg6 Rg8 27. Nh4 Nd7 28.
Nf5 Qg4 29. Nxh6 Qg6 30. Nxg8 Qxc2 31. Rxc2 O-O-O 32. Ne7# 1-0

[Event "Tournoi Skype 019A"]
[Site "Skype"]
[Date "????.??.??"]
[Round "5.15"]
[White "Legueltel, Daniel"]
[Black "Galani, Mahendra"]
[Result "1-0"]
[WhiteElo "1842"]
[BlackElo "1487"]
[PlyCount "75"]

1. d4 d5 2. c4 c6 3. Nc3 Nf6 4. cxd5 Nxd5 5. Bd2 Nb6 6. Nf3 Nc4 7. Qc2 e6 8. e3
Nxd2 9. Qxd2 Bb4 10. Bd3 Nd7 11. O-O Nf6 12. a3 Ba5 13. b4 Bc7 14. Qc2 Qd6 15.
Ne4 Nxe4 16. Bxe4 g6 17. Rfc1 f5 18. Bd3 O-O 19. Ne5 Bb8 20. f4 Qd5 21. Bc4 Qe4
22. Qxe4 fxe4 23. Ba2 Bd6 24. Bb1 Kg7 25. Bxe4 a5 26. Nc4 Be7 27. Nxa5 Ra6 28.
Bd3 Rb6 29. Nc4 Rxb4 30. axb4 b5 31. Ne5 Bb7 32. Nxc6 Bxc6 33. Rxc6 Bxb4 34.
Rb1 Bd2 35. Kf2 e5 36. Ke2 Ba5 37. Rxb5 Bd8 38. Rxe5 1-0

[Event "Tournoi Skype 019A"]
[Site "Skype"]
[Date "????.??.??"]
[Round "5.16"]
[White "Segura Lozano, Marcos Antonio"]
[Black "Yeter, Orhan"]
[Result "1-0"]
[WhiteElo "1788"]
[BlackElo "1612"]
[PlyCount "49"]

1. d4 Nf6 2. c4 e6 3. Nc3 Bb4 4. Nf3 b6 5. g3 Bb7 6. Bg2 c5 7. O-O cxd4 8. Nb5
d6 9. Nbxd4 O-O 10. Nc2 a5 11. Bg5 Nbd7 12. a3 Bc5 13. b4 axb4 14. axb4 Rxa1
15. Qxa1 Be4 16. Nfe1 Bxg2 17. Nxg2 Bxf2+ 18. Rxf2 Qc7 19. Bxf6 Nxf6 20. Qd4 e5
21. Qh4 d5 22. Nce3 dxc4 23. Rxf6 gxf6 24. Nf5 Qd7 25. Qg4+ 1-0

[Event "Tournoi Skype 019A"]
[Site "Skype"]
[Date "????.??.??"]
[Round "5.17"]
[White "Alvarez, Rafael Andres"]
[Black "Farthouat, Titoine"]
[Result "1/2-1/2"]
[WhiteElo "1618"]
[BlackElo "1569"]
[PlyCount "69"]

1. d4 d5 2. Nf3 e6 3. Bf4 c5 4. c3 Bd7 5. Nbd2 Nf6 6. e3 c4 7. b3 b5 8. a4 a6
9. Ne5 Nc6 10. axb5 axb5 11. Rxa8 Qxa8 12. Nxd7 Nxd7 13. bxc4 bxc4 14. Be2 Be7
15. O-O O-O 16. Qc2 e5 17. dxe5 Ndxe5 18. e4 d4 19. Bxc4 dxc3 20. Bxe5 cxd2 21.
Bf4 Nb4 22. Qxd2 Qxe4 23. Bb3 Rd8 24. Re1 Rxd2 25. Rxe4 Rb2 26. g3 Rxb3 27.
Rxe7 h6 28. Kg2 Nd3 29. Re3 Nxf4+ 30. gxf4 Rxe3 31. fxe3 f5 32. Kg3 g5 33. fxg5
hxg5 34. h4 gxh4+ 35. Kxh4 1/2-1/2

[Event "Tournoi Skype 019A"]
[Site "Skype"]
[Date "????.??.??"]
[Round "5.18"]
[White "Mitrani, Alberto"]
[Black "Sierra, Henry Alberto"]
[Result "0-1"]
[WhiteElo "1522"]
[BlackElo "1595"]
[PlyCount "46"]

1. c4 Nf6 2. g3 g6 3. Bg2 Bg7 4. d3 c6 5. Nc3 O-O 6. e4 e5 7. Nf3 d6 8. O-O Na6
9. a3 Nc7 10. Be3 b5 11. b3 bxc4 12. bxc4 Bg4 13. Rb1 d5 14. Bc5 Re8 15. Qa4 d4
16. Qxc6 dxc3 17. Rb7 Rc8 18. Rxa7 Ne6 19. Qb7 Rc7 20. Qb6 Rxc5 21. Rb1 Qxb6
22. Rxb6 Bxf3 23. Bxf3 c2 0-1